000 00744nam0a22002411 4500
001 rc\13514
005 20250620114255.0
010 _a5-85255-415-4
_920000
035 _a(NLR Aleph) 005302109
090 _a6299674
_c6299674
100 _a20131026d1994 |||y0rusy50 ca
101 0 _arus
102 _aRU
105 _aa |||||||||
200 1 _aˆ...‰И один высокий карлик
_eПовесть
_fДжин Вронская
210 _aМ.
_cИзд. центр "Терра"
_d1994
215 _a143, [1] с.
_cил.
_d21
700 1 _7ca
_8rus
_aВронская
_bД.
_f1941-
_gДжин
_9126914
_3RU\NLR\AUTH\770126934
801 0 _aRU
_bNLR
_gpsbo
801 1 _aRU
_bELAR
_2rusmarc
852 _aNLR
_j94-3/4520
942 _cBOOK
980 _aNB